000 00574nam a22002057a 4500
003 LK-CoDNM
005 20241104120356.0
008 241104b |||||||| |||| 00| 0 eng d
040 _aLK-CoDNM
_dLK-CoDNM
_eLK-CoDNM
041 _asin
080 _aප්‍ර.ප
_b47.A
100 _aUnknown
245 _aප්‍රතිභා 1වන කලාපය
_b1966 වර්ෂය
250 _a1st Edition
260 _aකොළඹ
_c1966
300 _a98p ; 26cm
650 _aප්‍ර.ප 47.A
650 _aප්‍රතිභා
942 _cBK
999 _c226125
_d226125